Statistics for Champions League 2016-17 Power Ranking

Click here to take the quiz!

General Stats

  • This quiz has been taken 17 times
  • The average score is 14 of 32

Answer Stats

RankTeam% Correct
3Atletico Madrid
91%
1Borussia Dortmund
91%
2FC Barcelona
91%
6Arsenal FC
64%
5AS Monaco
64%
4Juventus FC
64%
8Real Madrid
64%
7Leicester City
55%
10Paris Saint-Germain
55%
16SL Benfica
55%
13SSC Napoli
55%
9Bayern Munich
45%
11FC Porto
45%
15FC Sevilla
45%
12Manchester City
45%
14Bayer Leverkusen
36%
32Dinamo Zagreb
36%
18Olympique Lyonnais
36%
21Besiktas
27%
26Celtic FC
27%
24Dynamo Kiev
27%
29FC Basel
27%
31FC Brugge
27%
17FC Copenhagen
27%
20FK Rostov
27%
25Legia Warsaw
27%
30PSV Eindhoven
27%
19Borussia Mönchengladbach
18%
28CSKA Moscow
18%
23Ludogorets Razgrad
18%
27Sporting CP
18%
22Tottenham Hotspur
18%

Score Distribution

Percentile by Number Answered

Percent of People with Each Score

Your Score History

You have not taken this quiz